| 000 | 00978cab a2200265 4500 | ||
|---|---|---|---|
| 001 | ABS49033 | ||
| 008 | 090401t1993 xxu||||| |||| 00| 0 eng d | ||
| 035 | _a(Sirsi) u69581 | ||
| 041 | _aeng | ||
| 100 | _aMillichap, D. | ||
| 245 | _aClear reasoning needed to avoid planning by appeal | ||
| 260 | _c1993 | ||
| 350 | _a0 | ||
| 490 |
_aPlanning (for the Natural and Built Environment) _v(1029) 30 July 1993, 14-15(2) |
||
| 520 | _aVoices concern over the impact of appeals such "South Lakeland DC v SoS Environment" on the conduct of planning. Stresses the need for inspectors to clearly state the reasons for their decisions to limit the number and scope of appeals. | ||
| 650 | _aDEVELOPMENT PLANS | ||
| 650 | _aLOCAL DEVELOPMENT PLANS | ||
| 650 | _aPLANNING APPEALS | ||
| 650 | _aREASONS | ||
| 650 | _aSAVE BRITAINS HERITAGE | ||
| 650 | _aTOWN AND COUNTRY PLANNING ACT 1990 S54A | ||
| 690 | _aPLANNING LAW AND PRACTICE | ||
| 942 | _n0 | ||
| 948 | _c04/03/1997 | ||
| 999 |
_c43708 _d43708 |
||